Οι πορνοβοσκοί και το τίμιο μπαστούνι : διηγήματα

Αποθηκεύτηκε σε:
Λεπτομέρειες βιβλιογραφικής εγγραφής
Κύριος συγγραφέας: Κατσούρης, Γιάννης, 1935-2010
Μορφή: Βιβλίο
Γλώσσα:Greek
Δημοσίευση: Λευκωσία : [χ.ό.], 2006
Θέματα:
Ετικέτες: Προσθήκη ετικέτας
Δεν υπάρχουν, Καταχωρήστε ετικέτα πρώτοι!

MARC

LEADER 00000cam a2200000 i 4500
001 1/15759
008 111014s2006 gre d
020 |a 9963-9054-3-9 
035 |l 10111110 
040 |a GR-MY-UA  |b gre  |e aacr 
041 0 |a gre 
082 0 |a 889.34  |2 (22) 
100 1 |a Κατσούρης, Γιάννης,   |d 1935-2010. 
245 1 3 |a Οι πορνοβοσκοί και το τίμιο μπαστούνι :  |b διηγήματα /  |c Γιάννης Κατσούρης 
260 |a Λευκωσία :   |b [χ.ό.],   |c 2006 
300 |a 140 σ.;  |c 21 εκ. 
650 0 0 |a Short stories, Greek (Modern) 
650 0 0 |a Greek literature, Modern. 
852 |a INST  |b RHODES  |e 20111014  |h 889.34 ΚΑΤ  |p 005400033737  |q 005400033737  |t BK  |y 0 
901 |a BIBL4-2011-3 
909 |a Ρ  |b 170389 
970 |z 2011/05/